<?xml version="1.0" encoding="UTF-8"?>
<record
    xmlns:xsi="http://www.w3.org/2001/XMLSchema-instance"
    xsi:schemaLocation="http://www.loc.gov/MARC21/slim http://www.loc.gov/standards/marcxml/schema/MARC21slim.xsd"
    xmlns="http://www.loc.gov/MARC21/slim">

  <leader>01817cas a2200445 a 4500</leader>
  <datafield tag="999" ind1=" " ind2=" ">
    <subfield code="c">7825</subfield>
    <subfield code="d">7825</subfield>
  </datafield>
  <controlfield tag="001">11441167</controlfield>
  <controlfield tag="003">GBCCL</controlfield>
  <controlfield tag="005">20241126110637.0</controlfield>
  <controlfield tag="008">790425d1968199utnuqr         0   a0eng c</controlfield>
  <datafield tag="010" ind1=" " ind2=" ">
    <subfield code="a">   94649862 </subfield>
    <subfield code="z">sn 79002585 </subfield>
  </datafield>
  <datafield tag="022" ind1="1" ind2=" ">
    <subfield code="a">0191-4219</subfield>
    <subfield code="l">0191-4219</subfield>
    <subfield code="2">1</subfield>
  </datafield>
  <datafield tag="035" ind1=" " ind2=" ">
    <subfield code="a">(OCoLC)ocm04893328 </subfield>
  </datafield>
  <datafield tag="037" ind1=" " ind2=" ">
    <subfield code="b">Sunday School Board of the Southern Baptist Convention, 127 Ninth Ave. North, Nashville, TN 37234</subfield>
  </datafield>
  <datafield tag="040" ind1=" " ind2=" ">
    <subfield code="a">NSD</subfield>
    <subfield code="b">eng</subfield>
    <subfield code="c">NSD</subfield>
    <subfield code="d">NSD</subfield>
    <subfield code="d">DLC</subfield>
    <subfield code="d">OCLCQ</subfield>
    <subfield code="d">DLC</subfield>
    <subfield code="d">NSD</subfield>
    <subfield code="d">OCLCQ</subfield>
    <subfield code="d">DLC</subfield>
    <subfield code="d">OCLCO</subfield>
    <subfield code="d">OCLCF</subfield>
  </datafield>
  <datafield tag="042" ind1=" " ind2=" ">
    <subfield code="a">nsdp</subfield>
    <subfield code="a">pcc</subfield>
  </datafield>
  <datafield tag="050" ind1="0" ind2="0">
    <subfield code="a">BX6225</subfield>
    <subfield code="b">.H63</subfield>
  </datafield>
  <datafield tag="082" ind1="0" ind2="0">
    <subfield code="a">268.61</subfield>
    <subfield code="b">HOB</subfield>
  </datafield>
  <datafield tag="222" ind1=" " ind2="0">
    <subfield code="a">Studying adult life and work lessons</subfield>
  </datafield>
  <datafield tag="245" ind1="0" ind2="0">
    <subfield code="a">Studying adult life and work lessons /</subfield>
    <subfield code="c">Herschel H. Hobbs.</subfield>
  </datafield>
  <datafield tag="246" ind1="3" ind2="0">
    <subfield code="a">Adult life and work lessons</subfield>
  </datafield>
  <datafield tag="246" ind1="1" ind2=" ">
    <subfield code="i">Also called:</subfield>
    <subfield code="a">Herschel Hobbs commentary : studying adult life and work lesson</subfield>
  </datafield>
  <datafield tag="260" ind1=" " ind2=" ">
    <subfield code="a">Nashville, Tenn. :</subfield>
    <subfield code="b">Convention Press</subfield>
  </datafield>
  <datafield tag="300" ind1=" " ind2=" ">
    <subfield code="a">v. ;</subfield>
    <subfield code="c">21 cm.</subfield>
  </datafield>
  <datafield tag="310" ind1=" " ind2=" ">
    <subfield code="a">Quarterly</subfield>
  </datafield>
  <datafield tag="362" ind1="1" ind2=" ">
    <subfield code="a">Began in 1968.</subfield>
  </datafield>
  <datafield tag="550" ind1=" " ind2=" ">
    <subfield code="a">Issued &lt;1992-&gt; by: Southern Baptist Convention. Sunday School Board.</subfield>
  </datafield>
  <datafield tag="588" ind1=" " ind2=" ">
    <subfield code="a">Description based on: Oct./Dec. 1971.</subfield>
  </datafield>
  <datafield tag="588" ind1=" " ind2=" ">
    <subfield code="a">Latest issue consulted: Vol. 28, no 4 (July/Sept. 1996) (surrogate).</subfield>
  </datafield>
  <datafield tag="590" ind1=" " ind2=" ">
    <subfield code="a">SERBIB/SERLOC merged record</subfield>
  </datafield>
  <datafield tag="650" ind1=" " ind2="0">
    <subfield code="a">Christian education</subfield>
    <subfield code="x">Textbooks for adults</subfield>
    <subfield code="x">Baptist</subfield>
    <subfield code="v">Periodicals.</subfield>
    <subfield code="9">13670</subfield>
  </datafield>
  <datafield tag="655" ind1=" " ind2="7">
    <subfield code="a">Periodicals.</subfield>
    <subfield code="2">fast</subfield>
    <subfield code="0">(OCoLC)fst01411641</subfield>
    <subfield code="9">5568</subfield>
  </datafield>
  <datafield tag="700" ind1="1" ind2=" ">
    <subfield code="a">Hobbs, Herschel H.</subfield>
    <subfield code="9">3868</subfield>
  </datafield>
  <datafield tag="710" ind1="2" ind2=" ">
    <subfield code="a">Southern Baptist Convention.</subfield>
    <subfield code="b">Sunday School Board.</subfield>
    <subfield code="9">6027</subfield>
  </datafield>
  <datafield tag="780" ind1="0" ind2="0">
    <subfield code="t">Studying life and work lessons</subfield>
    <subfield code="w">(DLC)   68009027</subfield>
    <subfield code="w">(OCoLC)31188467</subfield>
  </datafield>
  <datafield tag="785" ind1="0" ind2="0">
    <subfield code="t">Herschel Hobbs commentary</subfield>
    <subfield code="x">1550-719X</subfield>
    <subfield code="w">(DLC)  2004209807</subfield>
    <subfield code="w">(OCoLC)47759388</subfield>
  </datafield>
  <datafield tag="906" ind1=" " ind2=" ">
    <subfield code="a">7</subfield>
    <subfield code="b">cbc</subfield>
    <subfield code="c">serials</subfield>
    <subfield code="d">u</subfield>
    <subfield code="e">ncip</subfield>
    <subfield code="f">19</subfield>
    <subfield code="g">n-oclcserc</subfield>
  </datafield>
  <datafield tag="942" ind1=" " ind2=" ">
    <subfield code="2">ddc</subfield>
    <subfield code="c">BK</subfield>
    <subfield code="0">2</subfield>
  </datafield>
  <datafield tag="952" ind1=" " ind2=" ">
    <subfield code="0">0</subfield>
    <subfield code="1">0</subfield>
    <subfield code="2">ddc</subfield>
    <subfield code="4">0</subfield>
    <subfield code="7">0</subfield>
    <subfield code="a">GBC</subfield>
    <subfield code="b">GBC</subfield>
    <subfield code="c">MNMS</subfield>
    <subfield code="d">2018-10-08</subfield>
    <subfield code="l">1</subfield>
    <subfield code="o">268.61 HOB</subfield>
    <subfield code="p">004064</subfield>
    <subfield code="r">2025-05-01 00:00:00</subfield>
    <subfield code="s">2022-08-23</subfield>
    <subfield code="t">v.23, 2</subfield>
    <subfield code="w">2018-10-08</subfield>
    <subfield code="y">BK</subfield>
  </datafield>
  <datafield tag="952" ind1=" " ind2=" ">
    <subfield code="0">0</subfield>
    <subfield code="1">0</subfield>
    <subfield code="2">ddc</subfield>
    <subfield code="4">0</subfield>
    <subfield code="7">0</subfield>
    <subfield code="a">GBC</subfield>
    <subfield code="b">GBC</subfield>
    <subfield code="c">MNMS</subfield>
    <subfield code="d">2018-10-08</subfield>
    <subfield code="l">1</subfield>
    <subfield code="o">268.61 HOB</subfield>
    <subfield code="p">004065</subfield>
    <subfield code="r">2025-05-01 00:00:00</subfield>
    <subfield code="s">2024-02-17</subfield>
    <subfield code="t">v.23, 3</subfield>
    <subfield code="w">2018-10-08</subfield>
    <subfield code="y">BK</subfield>
  </datafield>
  <datafield tag="952" ind1=" " ind2=" ">
    <subfield code="0">0</subfield>
    <subfield code="1">0</subfield>
    <subfield code="2">ddc</subfield>
    <subfield code="4">0</subfield>
    <subfield code="7">0</subfield>
    <subfield code="a">GBC</subfield>
    <subfield code="b">GBC</subfield>
    <subfield code="c">MNMS</subfield>
    <subfield code="d">2018-10-08</subfield>
    <subfield code="l">0</subfield>
    <subfield code="o">268.61 HOB</subfield>
    <subfield code="p">004066</subfield>
    <subfield code="r">2025-05-01 00:00:00</subfield>
    <subfield code="t">v.25, 3</subfield>
    <subfield code="w">2018-10-08</subfield>
    <subfield code="y">BK</subfield>
  </datafield>
  <datafield tag="952" ind1=" " ind2=" ">
    <subfield code="0">0</subfield>
    <subfield code="1">0</subfield>
    <subfield code="2">ddc</subfield>
    <subfield code="4">0</subfield>
    <subfield code="7">0</subfield>
    <subfield code="a">GBC</subfield>
    <subfield code="b">GBC</subfield>
    <subfield code="c">MNMS</subfield>
    <subfield code="d">2018-10-08</subfield>
    <subfield code="l">0</subfield>
    <subfield code="o">268.61 HOB</subfield>
    <subfield code="p">004067</subfield>
    <subfield code="r">2025-05-01 00:00:00</subfield>
    <subfield code="t">v.27, 4</subfield>
    <subfield code="w">2018-10-08</subfield>
    <subfield code="y">BK</subfield>
  </datafield>
  <datafield tag="952" ind1=" " ind2=" ">
    <subfield code="0">0</subfield>
    <subfield code="1">0</subfield>
    <subfield code="2">ddc</subfield>
    <subfield code="4">0</subfield>
    <subfield code="7">0</subfield>
    <subfield code="a">GBC</subfield>
    <subfield code="b">GBC</subfield>
    <subfield code="c">MNMS</subfield>
    <subfield code="d">2018-10-08</subfield>
    <subfield code="l">0</subfield>
    <subfield code="o">268.61 HOB</subfield>
    <subfield code="p">004073</subfield>
    <subfield code="r">2025-05-01 00:00:00</subfield>
    <subfield code="t">v.28, 2</subfield>
    <subfield code="w">2018-10-08</subfield>
    <subfield code="y">BK</subfield>
  </datafield>
  <datafield tag="952" ind1=" " ind2=" ">
    <subfield code="0">0</subfield>
    <subfield code="1">0</subfield>
    <subfield code="2">ddc</subfield>
    <subfield code="4">0</subfield>
    <subfield code="7">0</subfield>
    <subfield code="a">GBC</subfield>
    <subfield code="b">GBC</subfield>
    <subfield code="c">MNMS</subfield>
    <subfield code="d">2018-10-08</subfield>
    <subfield code="l">0</subfield>
    <subfield code="o">268.61 HOB</subfield>
    <subfield code="p">004078</subfield>
    <subfield code="r">2025-05-01 00:00:00</subfield>
    <subfield code="t">v.28, 3</subfield>
    <subfield code="w">2018-10-08</subfield>
    <subfield code="y">BK</subfield>
  </datafield>
  <datafield tag="952" ind1=" " ind2=" ">
    <subfield code="0">0</subfield>
    <subfield code="1">0</subfield>
    <subfield code="2">ddc</subfield>
    <subfield code="4">0</subfield>
    <subfield code="7">0</subfield>
    <subfield code="a">GBC</subfield>
    <subfield code="b">GBC</subfield>
    <subfield code="c">MNMS</subfield>
    <subfield code="d">2018-10-08</subfield>
    <subfield code="l">0</subfield>
    <subfield code="o">268.61 HOB</subfield>
    <subfield code="p">004088</subfield>
    <subfield code="r">2025-05-01 00:00:00</subfield>
    <subfield code="t">v.28, 3</subfield>
    <subfield code="w">2018-10-08</subfield>
    <subfield code="y">BK</subfield>
  </datafield>
  <datafield tag="952" ind1=" " ind2=" ">
    <subfield code="0">0</subfield>
    <subfield code="1">0</subfield>
    <subfield code="2">ddc</subfield>
    <subfield code="4">0</subfield>
    <subfield code="7">0</subfield>
    <subfield code="a">GBC</subfield>
    <subfield code="b">GBC</subfield>
    <subfield code="c">MNMS</subfield>
    <subfield code="d">2018-10-08</subfield>
    <subfield code="l">0</subfield>
    <subfield code="o">268.61 HOB</subfield>
    <subfield code="p">004090</subfield>
    <subfield code="r">2025-05-01 00:00:00</subfield>
    <subfield code="t">v.29, 1</subfield>
    <subfield code="w">2018-10-08</subfield>
    <subfield code="y">BK</subfield>
  </datafield>
  <datafield tag="952" ind1=" " ind2=" ">
    <subfield code="0">0</subfield>
    <subfield code="1">0</subfield>
    <subfield code="2">ddc</subfield>
    <subfield code="4">0</subfield>
    <subfield code="7">0</subfield>
    <subfield code="a">GBC</subfield>
    <subfield code="b">GBC</subfield>
    <subfield code="c">MNMS</subfield>
    <subfield code="d">2018-10-08</subfield>
    <subfield code="l">0</subfield>
    <subfield code="o">268.61 HOB</subfield>
    <subfield code="p">004091</subfield>
    <subfield code="r">2025-05-01 00:00:00</subfield>
    <subfield code="t">v.29, 1</subfield>
    <subfield code="w">2018-10-08</subfield>
    <subfield code="y">BK</subfield>
  </datafield>
  <datafield tag="952" ind1=" " ind2=" ">
    <subfield code="0">0</subfield>
    <subfield code="1">0</subfield>
    <subfield code="2">ddc</subfield>
    <subfield code="4">0</subfield>
    <subfield code="7">0</subfield>
    <subfield code="a">GBC</subfield>
    <subfield code="b">GBC</subfield>
    <subfield code="c">MNMS</subfield>
    <subfield code="d">2018-10-08</subfield>
    <subfield code="l">0</subfield>
    <subfield code="o">268.61 HOB</subfield>
    <subfield code="p">004098</subfield>
    <subfield code="r">2025-05-01 00:00:00</subfield>
    <subfield code="t">v.29, 2</subfield>
    <subfield code="w">2018-10-08</subfield>
    <subfield code="y">BK</subfield>
  </datafield>
  <datafield tag="952" ind1=" " ind2=" ">
    <subfield code="0">0</subfield>
    <subfield code="1">0</subfield>
    <subfield code="2">ddc</subfield>
    <subfield code="4">0</subfield>
    <subfield code="7">0</subfield>
    <subfield code="a">GBC</subfield>
    <subfield code="b">GBC</subfield>
    <subfield code="c">MNMS</subfield>
    <subfield code="d">2018-10-08</subfield>
    <subfield code="l">0</subfield>
    <subfield code="o">268.61 HOB</subfield>
    <subfield code="p">004100</subfield>
    <subfield code="r">2025-05-01 00:00:00</subfield>
    <subfield code="t">v.29, 4</subfield>
    <subfield code="w">2018-10-08</subfield>
    <subfield code="y">BK</subfield>
  </datafield>
  <datafield tag="952" ind1=" " ind2=" ">
    <subfield code="0">0</subfield>
    <subfield code="1">0</subfield>
    <subfield code="2">ddc</subfield>
    <subfield code="4">0</subfield>
    <subfield code="7">0</subfield>
    <subfield code="a">GBC</subfield>
    <subfield code="b">GBC</subfield>
    <subfield code="c">MNMS</subfield>
    <subfield code="d">2018-10-08</subfield>
    <subfield code="l">0</subfield>
    <subfield code="o">268.61 HOB</subfield>
    <subfield code="p">004101</subfield>
    <subfield code="r">2025-05-01 00:00:00</subfield>
    <subfield code="t">v.30, 1</subfield>
    <subfield code="w">2018-10-08</subfield>
    <subfield code="y">BK</subfield>
  </datafield>
  <datafield tag="952" ind1=" " ind2=" ">
    <subfield code="0">0</subfield>
    <subfield code="1">0</subfield>
    <subfield code="2">ddc</subfield>
    <subfield code="4">0</subfield>
    <subfield code="7">0</subfield>
    <subfield code="a">GBC</subfield>
    <subfield code="b">GBC</subfield>
    <subfield code="c">MNMS</subfield>
    <subfield code="d">2018-10-08</subfield>
    <subfield code="l">0</subfield>
    <subfield code="o">268.61 HOB</subfield>
    <subfield code="p">004102</subfield>
    <subfield code="r">2025-05-01 00:00:00</subfield>
    <subfield code="t">v.32, 4</subfield>
    <subfield code="w">2018-10-08</subfield>
    <subfield code="y">BK</subfield>
  </datafield>
</record>
